000 00339nam a22001337a 4500
020 _qPB.
040 _cFIZZA ISHAQ
082 _a305.896
_bBAL
100 _aBaldwin , James.
_9133997
245 _aThe Fire Next Time /
_cJames Baldwin.
260 _aNew York:
_bDial Press,
_c1962.
300 _a106 P. ;
_c8 x 5.2 inches
942 _2ddc
_cBK
999 _c616917
_d616917